Conjugaisons avoir italien - Statistiques

Statistiques générales
  • Ce quiz a été pris 87 fois
  • Le résultat moyen est 20 sur 54
Statistiques - réponses
Verbe % Correct
avoir avere
95%
lui, egli, esso, lei, essa, ella ha
94%
io ho
94%
tu hai
90%
loro, essi, esse hanno
85%
noi abbiamo
84%
voi avete
82%
io avevo
53%
lui, egli, esso, lei, essa, ella aveva
52%
io avrò
52%
loro, essi, esse avevano
50%
voi avevate
50%
tu avevi
50%
lui, egli, esso, lei, essa, ella avrà
50%
tu avrai
50%
noi avevamo
48%
noi avremo
44%
voi avrete
44%
loro, essi, esse avranno
40%
1 Imparfait 1
35%
2 Futur 2
34%
9 Participe passé avuto
34%
3 Passé simple 3
32%
io avrei
29%
noi avremmo
29%
tu avresti
29%
6 Subjonctif imparfait 6
27%
lui, egli, esso, lei, essa, ella avrebbe
27%
voi avreste
27%
5 Subjonctif présent 5
26%
io abbia
26%
tu abbia
26%
lui, egli, esso, lei, essa, ella abbia
26%
noi abbiamo
26%
loro, essi, esse abbiano
26%
voi abbiate
26%
loro, essi, esse avrebbero
26%
4 Impératif 4
24%
7 Conditionnel 7
24%
8 Gérondif avendo
24%
lui, egli, esso, lei, essa, ella ebbe
23%
lui, egli, esso, lei, essa, ella avesse
21%
tu avessi
21%
io ebbi
21%
io avessi
19%
noi avessimo
19%
voi aveste
19%
tu abbi
18%
loro, essi, esse avessero
18%
voi abbiate
16%
loro, essi, esse ebbero
16%
noi avemmo
15%
voi aveste
15%
tu avesti
15%
Aucun quiz correspondant
Distribution des résultats
% des personnes avec chaque résultat
Percentile par nombre de réponses
Votre historique - résultats
Vous n’avez pas pris ce quiz